000 00742nam a2200193Ia 4500
003 OSt
005 20240404095701.0
008 210210b xxu||||| |||| 00| 0 eng d
040 _cAL
041 _aKannada
082 _a856/91
100 _aRAMACHANDRA RAV ರಾಮಚಂದ್ರರಾವ್
_9158259
245 _aShri Ramashvamedha sangraham beralge koral svapna vasavadatta nataka
_bಶ್ರೀ ರಾಮಾಶ್ವಮೇಧ ಸಂಗ್ರಹಂ ಬೆರಳ್ ಗೆ ಕೊರಳ್ ಸ್ವಪ್ನವಾಸವದತ್ತ ನಾಟಕ
260 _aBengaluru
_b-
690 _aKannada Miscellaneous
_9158260
700 _aADINARAYANARAV ಆದಿನಾರಯಣರಾವ್
_9158261
906 _a020339
942 _2ddc
_cBK
999 _c144503
_d144503